000 00724nam a2200229Ia 4500
001 15950
003 GE_BSU
008 181216s||||||||xx |||||||||||||| ||und||
040 _cGE_BSU
080 _a821.353.1-31
100 _aჯორჯაძე, აკაკი
245 _aნისლს ქარი ფანტავს
245 _bრომანი
245 _cრედ.მ.სანადირაძე. მხატვ.ნ.ნონიკაშვილი
260 _aთბილისი
260 _bმერანი
260 _c1986
300 _a294გვ. ; 20სმ.
653 _aნისლს ქარი ფანტავს
653 _aრომანი
942 _cBK
999 _c49044
_d49044